[Event "Scarborough CC Spring Into Summer U2000"]
[Site "Toronto CAN"]
[Date "2011.04.28"]
[Round "1"]
[White "Gillis, Doug"]
[Black "Paterson, Jim"]
[Result "1/2-1/2"]
[WhiteElo "1668"]
[BlackElo "1793"]
[PlyCount "70"]
[GameId "2160767909770479"]
[EventDate "2011.04.28"]
[EventType "swiss"]
[EventRounds "9"]
[EventCountry "CAN"]
[SourceTitle "EXT 2022"]
[Source "ChessBase"]
[SourceDate "2021.10.06"]
[SourceVersion "1"]
[SourceVersionDate "2021.10.06"]
[SourceQuality "1"]

1. d4 e6 2. e4 c5 3. Nf3 Nf6 4. Nc3 cxd4 5. Nxd4 Bb4 6. e5 Nd5 7. Bd2 Bxc3 8. bxc3 Qc7 9. Qh5 Nxc3 10. Bd3 g6 11. Qg5 a6 12. Qf6 Rg8 13. Bg5 Nc6 14. Nxc6 dxc6 15. Qf4 Nd5 16. Qg3 f6 17. exf6 Kf7 18. c4 Qxg3 19. hxg3 Nxf6 20. Bxf6 Kxf6 21. Rxh7 Rd8 22. O-O-O b5 23. Be2 Rxd1+ 24. Bxd1 e5 25. Bf3 Be6 26. Rc7 Rc8 27. Rxc8 Bxc8 28. Bxc6 bxc4 29. Kc2 Be6 30. Kc3 g5 31. Bb7 a5 32. Ba6 Bd5 33. Bxc4 Bxg2 34. Be2 Bd5 35. Bc4 Bc6 1/2-1/2

[Event "Scarborough CC Spring Into Summer U2000"]
[Site "Toronto CAN"]
[Date "2011.04.28"]
[Round "1"]
[White "Huston, Scott"]
[Black "Xie, Peter"]
[Result "1-0"]
[WhiteElo "1811"]
[BlackElo "1693"]
[PlyCount "93"]
[GameId "2160767909770480"]
[EventDate "2011.04.28"]
[EventType "swiss"]
[EventRounds "9"]
[EventCountry "CAN"]
[SourceTitle "EXT 2022"]
[Source "ChessBase"]
[SourceDate "2021.10.06"]
[SourceVersion "1"]
[SourceVersionDate "2021.10.06"]
[SourceQuality "1"]

1. d4 Nf6 2. c4 g6 3. Nc3 Bg7 4. e4 d6 5. Nf3 O-O 6. h3 e5 7. d5 Nbd7 8. Be3 Nh5 9. Qd2 f5 10. Bg5 Ndf6 11. g3 Qd7 12. exf5 gxf5 13. O-O-O Ne4 14. Nxe4 fxe4 15. Nh4 b6 16. Be2 Qf7 17. Rdf1 a5 18. Qe3 Nf6 19. Bxf6 Bxf6 20. Qxe4 Bg5+ 21. Kd1 Bxh4 22. Qxh4 Qg6 23. Kd2 a4 24. f4 a3 25. b3 Qe4 26. fxe5 Qxh4 27. Rxf8+ Kxf8 28. gxh4 dxe5 29. Bg4 Ke7 30. Rf1 Bxg4 31. hxg4 Rg8 32. g5 Rg6 33. Ke3 h6 34. Rg1 hxg5 35. Rxg5 Rxg5 36. hxg5 Kf7 37. Ke4 Kg6 38. Kxe5 Kxg5 39. d6 cxd6+ 40. Kxd6 Kf4 41. Kc6 Ke3 42. Kxb6 Kd3 43. c5 Kc3 44. c6 Kb2 45. c7 Kxa2 46. c8=Q Kxb3 47. Qc1 1-0

[Event "Scarborough CC Spring Into Summer U2000"]
[Site "Toronto CAN"]
[Date "2011.04.28"]
[Round "1"]
[White "Moran-Venegas, Mario"]
[Black "Cale, Ferdinand"]
[Result "1/2-1/2"]
[WhiteElo "1835"]
[BlackElo "1700"]
[PlyCount "109"]
[GameId "2160767909770481"]
[EventDate "2011.04.28"]
[EventType "swiss"]
[EventRounds "9"]
[EventCountry "CAN"]
[SourceTitle "EXT 2022"]
[Source "ChessBase"]
[SourceDate "2021.10.06"]
[SourceVersion "1"]
[SourceVersionDate "2021.10.06"]
[SourceQuality "1"]

1. e4 e5 2. Nf3 d6 3. d4 exd4 4. Qxd4 Nc6 5. Bb5 Bd7 6. Bxc6 Bxc6 7. Nc3 f6 8. Be3 Ne7 9. O-O-O Bd7 10. Nh4 Nc6 11. Qd5 a6 12. Rhe1 Qe7 13. Nf5 Qe6 14. Nd4 Qf7 15. Qxf7+ Kxf7 16. Nd5 Rc8 17. f4 Nxd4 18. Rxd4 Be6 19. f5 Bd7 20. g4 h6 21. Rc4 Bc6 22. Nf4 Bd7 23. Ng6 Rg8 24. h4 Be7 25. Nxe7 Kxe7 26. g5 h5 27. Rg1 c5 28. Rd1 Bc6 29. Bf4 Rgd8 30. Rc3 Bxe4 31. Bxd6+ Rxd6 32. Re3 Rxd1+ 33. Kxd1 Rd8+ 34. Ke2 Rd4 35. c3 Ra4 36. a3 Kd7 37. b3 Rxa3 38. Rxe4 fxg5 39. hxg5 Rxb3 40. f6 gxf6 41. gxf6 Rb6 42. Rf4 Ke8 43. f7+ Kf8 44. Kd3 Rc6 45. Kc4 Rc7 46. Rh4 Rxf7 47. Kxc5 Rf5+ 48. Kb6 Rb5+ 49. Kc7 a5 50. c4 Rb4 51. Rxh5 Rxc4+ 52. Kxb7 a4 53. Ra5 Ke7 54. Kb6 Kd6 55. Kb5 1/2-1/2

[Event "Scarborough CC Spring Into Summer U2000"]
[Site "Toronto CAN"]
[Date "2011.04.28"]
[Round "1"]
[White "Radpey, Abdolreza"]
[Black "Song, Lin"]
[Result "0-1"]
[WhiteElo "1710"]
[BlackElo "1839"]
[PlyCount "76"]
[GameId "2160767909770482"]
[EventDate "2011.04.28"]
[EventType "swiss"]
[EventRounds "9"]
[EventCountry "CAN"]
[SourceTitle "EXT 2022"]
[Source "ChessBase"]
[SourceDate "2021.10.06"]
[SourceVersion "1"]
[SourceVersionDate "2021.10.06"]
[SourceQuality "1"]

1. c4 Nf6 2. Nf3 g6 3. d4 Bg7 4. Nc3 d6 5. e4 O-O 6. Be2 e5 7. dxe5 dxe5 8. O-O Nc6 9. Be3 Be6 10. b3 Qe7 11. Na4 Nxe4 12. Qc2 Nd6 13. Rad1 Bf5 14. Qc1 a6 15. Bc5 e4 16. Ne1 Be5 17. g3 b6 18. Be3 Bh3 19. Ng2 Nf5 20. Rfe1 Ncd4 21. Nf4 Bxf4 22. Bxf4 Nxe2+ 23. Rxe2 Bg4 24. Nc3 Bxe2 25. Nxe2 Rad8 26. Re1 Nd4 27. Nxd4 Rxd4 28. Qe3 Rfd8 29. Bh6 Rd1 30. Rxd1 Rxd1+ 31. Kg2 Rd3 32. Qf4 Rf3 33. Qd2 Qd6 34. Qb2 Qf6 35. Qc2 g5 36. Bxg5 Qxg5 37. h4 Qc5 38. Qxe4 Qxf2+ 0-1

[Event "Scarborough CC Spring Into Summer U2000"]
[Site "Toronto CAN"]
[Date "2011.04.28"]
[Round "1"]
[White "Rutherdale, William"]
[Black "Bao, Stephen"]
[Result "0-1"]
[WhiteElo "1697"]
[BlackElo "1812"]
[PlyCount "50"]
[GameId "2160767909770483"]
[EventDate "2011.04.28"]
[EventType "swiss"]
[EventRounds "9"]
[EventCountry "CAN"]
[SourceTitle "EXT 2022"]
[Source "ChessBase"]
[SourceDate "2021.10.06"]
[SourceVersion "1"]
[SourceVersionDate "2021.10.06"]
[SourceQuality "1"]

1. d4 Nf6 2. c4 e6 3. Nc3 Bb4 4. Qc2 d5 5. a3 Bxc3+ 6. Qxc3 Ne4 7. Qc2 c5 8. dxc5 Nxc5 9. Nf3 dxc4 10. Qxc4 Nba6 11. b4 Nd7 12. e4 Qc7 13. Bb2 Qxc4 14. Bxc4 O-O 15. Bxa6 bxa6 16. Ke2 Bb7 17. Ke3 Nb6 18. Rac1 Rac8 19. Nd2 f5 20. f3 fxe4 21. fxe4 Bc6 22. Bd4 Bb5 23. Rc5 Rcd8 24. Rc7 e5 25. Bc5 Rd3+ 0-1

[Event "Scarborough CC Spring Into Summer U2000"]
[Site "Toronto CAN"]
[Date "2011.04.28"]
[Round "1"]
[White "Sharpe, Michael"]
[Black "Yu, Tianxi"]
[Result "1-0"]
[WhiteElo "1662"]
[BlackElo "1039"]
[PlyCount "45"]
[GameId "2160767909770484"]
[EventDate "2011.04.28"]
[EventType "swiss"]
[EventRounds "9"]
[EventCountry "CAN"]
[SourceTitle "EXT 2022"]
[Source "ChessBase"]
[SourceDate "2021.10.06"]
[SourceVersion "1"]
[SourceVersionDate "2021.10.06"]
[SourceQuality "1"]

1. e4 e5 2. Nf3 Nc6 3. Nc3 Nf6 4. g3 d5 5. exd5 Nxd5 6. Bg2 Nd4 7. Nxe5 Be6 8. O-O Bd6 9. Re1 c6 10. Nxd5 cxd5 11. Bxd5 Bxd5 12. Nc6+ Kd7 13. Nxd8 Rhxd8 14. Qg4+ Be6 15. Qxd4 Rac8 16. c3 Rc4 17. Qxg7 Rg4 18. Qxh7 Rc8 19. d4 Bf8 20. Bf4 Rg7 21. Qe4 Re8 22. Qxb7+ Kd8 23. Qc7# 1-0

[Event "Scarborough CC Spring Into Summer U2000"]
[Site "Toronto CAN"]
[Date "2011.04.28"]
[Round "1"]
[White "Stavropoulos, Greg"]
[Black "Triefeldt, Jack"]
[Result "1/2-1/2"]
[WhiteElo "1872"]
[BlackElo "1714"]
[PlyCount "89"]
[GameId "2160767909770485"]
[EventDate "2011.04.28"]
[EventType "swiss"]
[EventRounds "9"]
[EventCountry "CAN"]
[SourceTitle "EXT 2022"]
[Source "ChessBase"]
[SourceDate "2021.10.06"]
[SourceVersion "1"]
[SourceVersionDate "2021.10.06"]
[SourceQuality "1"]

1. c4 Nf6 2. Nc3 d5 3. cxd5 Nxd5 4. g3 g6 5. Bg2 Nxc3 6. bxc3 Bg7 7. Nf3 O-O 8. O-O Nc6 9. Qc2 e5 10. Rb1 Rb8 11. d3 Be6 12. Ng5 Bd7 13. Ne4 h6 14. Nc5 Qc8 15. Nxd7 Qxd7 16. Qa4 a6 17. Be3 Rfd8 18. Rxb7 Rxb7 19. Bxc6 Qc8 20. Bxb7 Qxb7 21. Qb3 Rb8 22. Rb1 Qxb3 23. Rxb3 Rxb3 24. axb3 Bf8 25. b4 h5 26. Kf1 Bd6 27. Ke1 Kf8 28. Kd2 Ke7 29. Kc2 Ke6 30. Kb3 f5 31. Kc4 f4 32. Bc5 fxg3 33. fxg3 Kf5 34. Bxd6 cxd6 35. Kd5 Kg4 36. c4 Kh3 37. c5 dxc5 38. bxc5 Kxh2 39. c6 Kxg3 40. c7 h4 41. c8=Q g5 42. Qf5 g4 43. Qxe5+ Kh3 44. Qf5 Kg3 45. Qf1 1/2-1/2

[Event "Scarborough CC Spring Into Summer U2000"]
[Site "Toronto CAN"]
[Date "2011.04.28"]
[Round "1"]
[White "Zhang, John"]
[Black "Manalo, Pepin"]
[Result "1-0"]
[WhiteElo "1612"]
[BlackElo "1744"]
[PlyCount "61"]
[GameId "2160767909770486"]
[EventDate "2011.04.28"]
[EventType "swiss"]
[EventRounds "9"]
[EventCountry "CAN"]
[SourceTitle "EXT 2022"]
[Source "ChessBase"]
[SourceDate "2021.10.06"]
[SourceVersion "1"]
[SourceVersionDate "2021.10.06"]
[SourceQuality "1"]

1. e4 e6 2. d4 d5 3. Nc3 dxe4 4. Nxe4 Nf6 5. Nxf6+ Qxf6 6. Nf3 h6 7. c4 Nd7 8. Bd3 Be7 9. O-O g5 10. Re1 Qg7 11. Bd2 Bf6 12. d5 Nc5 13. Bc2 g4 14. dxe6 Bxe6 15. Ne5 Bxe5 16. Rxe5 Nd7 17. Re3 O-O-O 18. Bc3 Nf6 19. Qe2 Rhe8 20. Re1 Qg5 21. Re5 Qg7 22. Ba4 c6 23. Rc5 Bd7 24. Qd1 Rxe1+ 25. Qxe1 Re8 26. Re5 Qg6 27. Qd1 Rxe5 28. Bxe5 Ne4 29. Qd4 Nc5 30. Bd6 Nxa4 31. Qh8+ 1-0

[Event "Scarborough CC Spring Into Summer U2000"]
[Site "Toronto CAN"]
[Date "2011.04.28"]
[Round "1"]
[White "Zotkin, Daniel"]
[Black "Spiliotopoulos, Yakos"]
[Result "1-0"]
[WhiteElo "1626"]
[BlackElo "1725"]
[PlyCount "72"]
[GameId "2160767909770487"]
[EventDate "2011.04.28"]
[EventType "swiss"]
[EventRounds "9"]
[EventCountry "CAN"]
[SourceTitle "EXT 2022"]
[Source "ChessBase"]
[SourceDate "2021.10.06"]
[SourceVersion "1"]
[SourceVersionDate "2021.10.06"]
[SourceQuality "1"]

1. d4 b6 2. e4 Bb7 3. Nc3 e6 4. Nf3 Bb4 5. Bd3 h6 6. O-O d5 7. exd5 exd5 8. Bf4 Nc6 9. Nb5 Rc8 10. Bf5 Nge7 11. Bxc8 Qxc8 12. Nxc7+ Kf8 13. c3 g5 14. cxb4 gxf4 15. Nb5 Rg8 16. Nd6 Qh3 17. Ne1 Nf5 18. Nxf5 Qxf5 19. b5 Ne7 20. Qd3 Qg5 21. Kh1 Bc8 22. g3 Bf5 23. Qe2 fxg3 24. fxg3 Be4+ 25. Ng2 h5 26. Qf2 Nf5 27. Kg1 h4 28. Qf4 hxg3 29. Qxg5 gxh2+ 30. Kxh2 Rxg5 31. Rf2 Nxd4 32. Raf1 Rg7 33. Ne3 Nxb5 34. Nf5 Rh7+ 35. Kg3 Nc7 36. Nd6 Rg7+ 1-0

[Event "Scarborough CC Spring Into Summer U2000"]
[Site "Toronto CAN"]
[Date "2011.05.12"]
[Round "2"]
[White "Bao, Stephen"]
[Black "Armstrong, Robert J"]
[Result "1-0"]
[WhiteElo "1812"]
[BlackElo "1740"]
[PlyCount "55"]
[GameId "2160767909770488"]
[EventDate "2011.04.28"]
[EventType "swiss"]
[EventRounds "9"]
[EventCountry "CAN"]
[SourceTitle "EXT 2022"]
[Source "ChessBase"]
[SourceDate "2021.10.06"]
[SourceVersion "1"]
[SourceVersionDate "2021.10.06"]
[SourceQuality "1"]

1. d4 g6 2. e4 Bg7 3. Nc3 d6 4. Nf3 Nf6 5. h3 O-O 6. Be3 Nc6 7. Qd2 a6 8. d5 Nb8 9. Bd3 e5 10. O-O Nh5 11. Bg5 f6 12. Bh6 Nd7 13. Be2 Bxh6 14. Qxh6 Nf4 15. Bd1 a5 16. g3 Nh5 17. Nh4 Ng7 18. f4 Nc5 19. g4 f5 20. exf5 gxf5 21. g5 Ne4 22. Kh2 exf4 23. Nxe4 fxe4 24. g6 hxg6 25. Rg1 f3 26. Nxg6 Qf6 27. Qh8+ Kf7 28. Qxf8# 1-0

[Event "Scarborough CC Spring Into Summer U2000"]
[Site "Toronto CAN"]
[Date "2011.05.12"]
[Round "2"]
[White "Maister, Martin"]
[Black "Moran-Venegas, Mario"]
[Result "0-1"]
[WhiteElo "1733"]
[BlackElo "1835"]
[PlyCount "32"]
[GameId "2160767909770489"]
[EventDate "2011.04.28"]
[EventType "swiss"]
[EventRounds "9"]
[EventCountry "CAN"]
[SourceTitle "EXT 2022"]
[Source "ChessBase"]
[SourceDate "2021.10.06"]
[SourceVersion "1"]
[SourceVersionDate "2021.10.06"]
[SourceQuality "1"]

1. c4 Nf6 2. Nc3 c6 3. g3 e6 4. Bg2 d5 5. cxd5 exd5 6. d4 Bd6 7. Nf3 O-O 8. O-O Nbd7 9. a3 Re8 10. b4 Nb6 11. Nd2 a6 12. Na4 Nxa4 13. Qxa4 Rxe2 14. Nf3 Bf5 15. h3 Bc2 16. Qa5 b6 0-1

[Event "Scarborough CC Spring Into Summer U2000"]
[Site "Toronto CAN"]
[Date "2011.05.12"]
[Round "2"]
[White "Manalo, Pepin"]
[Black "Gillis, Doug"]
[Result "1-0"]
[WhiteElo "1744"]
[BlackElo "1668"]
[PlyCount "67"]
[GameId "2160767909770490"]
[EventDate "2011.04.28"]
[EventType "swiss"]
[EventRounds "9"]
[EventCountry "CAN"]
[SourceTitle "EXT 2022"]
[Source "ChessBase"]
[SourceDate "2021.10.06"]
[SourceVersion "1"]
[SourceVersionDate "2021.10.06"]
[SourceQuality "1"]

1. e4 e6 2. d3 d5 3. Nd2 c5 4. g3 Nc6 5. Bg2 Nf6 6. Ngf3 Be7 7. O-O b6 8. Re1 Bb7 9. e5 Nd7 10. Nf1 Qc7 11. Qe2 O-O 12. h4 Rae8 13. Bf4 d4 14. N1d2 Nb4 15. Nc4 Nd5 16. Bg5 f6 17. exf6 Bxf6 18. Bh3 e5 19. Ncd2 Nb4 20. Ne4 Bxe4 21. dxe4 Qd6 22. a3 Nc6 23. Rad1 Bxg5 24. Nxg5 Nf6 25. Qc4+ Kh8 26. Nf7+ Rxf7 27. Qxf7 Rf8 28. Qc4 Ne8 29. Re2 Qf6 30. Rf1 Nd6 31. Qd5 Ne7 32. Qa2 Qf3 33. Rfe1 Nxe4 34. Bg2 1-0

[Event "Scarborough CC Spring Into Summer U2000"]
[Site "Toronto CAN"]
[Date "2011.05.12"]
[Round "2"]
[White "Mesiti, Silvano"]
[Black "Radpey, Abdolreza"]
[Result "0-1"]
[WhiteElo "1666"]
[BlackElo "1710"]
[PlyCount "120"]
[GameId "2160767909770491"]
[EventDate "2011.04.28"]
[EventType "swiss"]
[EventRounds "9"]
[EventCountry "CAN"]
[SourceTitle "EXT 2022"]
[Source "ChessBase"]
[SourceDate "2021.10.06"]
[SourceVersion "1"]
[SourceVersionDate "2021.10.06"]
[SourceQuality "1"]

1. e4 e6 2. Nf3 d5 3. exd5 exd5 4. d4 Nf6 5. Be2 Bb4+ 6. c3 Bd6 7. O-O O-O 8. Bg5 h6 9. Bh4 g5 10. Bg3 Nc6 11. Nbd2 Re8 12. Re1 Bf5 13. Bb5 Bxg3 14. fxg3 Rxe1+ 15. Qxe1 Ne7 16. Ne5 c6 17. Bd3 Qd6 18. Qf1 Bxd3 19. Qxd3 Re8 20. Rf1 Kg7 21. Qf3 Qe6 22. Nb3 b6 23. Nc1 Rf8 24. Ncd3 Ne4 25. Qd1 f6 26. Nf3 Nf5 27. Re1 Nfd6 28. Qa4 Qd7 29. Qc2 Re8 30. Kf1 Qf5 31. Kg1 Qg4 32. Qa4 Qd7 33. Qd1 c5 34. dxc5 bxc5 35. b3 Nxc3 36. Qc2 Rxe1+ 37. Nfxe1 Nde4 38. Nxc5 Qc6 39. Nxe4 dxe4 40. Qf2 Qa6 41. a4 Ne2+ 42. Kh1 Nc3 43. h3 Kg6 44. Nc2 Qd3 45. Ne3 Qb1+ 46. Kh2 Qxb3 47. Qf5+ Kg7 48. Qd7+ Qf7 49. Nf5+ Kg6 50. Ne7+ Kh7 51. Qf5+ Kg7 52. Nc6 Qd5 53. Qc8 Nxa4 54. Nxa7 Nc5 55. Qc7+ Kg6 56. Nc6 Qd7 57. Ne7+ Kf7 58. Qxd7 Nxd7 59. Nd5 Ke6 60. Ne3 f5 0-1

[Event "Scarborough CC Spring Into Summer U2000"]
[Site "Toronto CAN"]
[Date "2011.05.12"]
[Round "2"]
[White "Paterson, Jim"]
[Black "Stavropoulos, Greg"]
[Result "1/2-1/2"]
[WhiteElo "1793"]
[BlackElo "1872"]
[PlyCount "66"]
[GameId "2160767909770492"]
[EventDate "2011.04.28"]
[EventType "swiss"]
[EventRounds "9"]
[EventCountry "CAN"]
[SourceTitle "EXT 2022"]
[Source "ChessBase"]
[SourceDate "2021.10.06"]
[SourceVersion "1"]
[SourceVersionDate "2021.10.06"]
[SourceQuality "1"]

1. e4 c5 2. d4 cxd4 3. c3 d3 4. c4 Nf6 5. Bxd3 d6 6. Nc3 Nc6 7. Nf3 Bg4 8. Be2 g6 9. Be3 Bg7 10. Qd2 O-O 11. O-O Re8 12. Rac1 b6 13. h3 Bc8 14. Rfd1 Bb7 15. Nh2 Rc8 16. f3 Ne5 17. b3 Qc7 18. Nb5 Qb8 19. Ng4 Nexg4 20. hxg4 h5 21. gxh5 Nxh5 22. Bd4 Bxd4+ 23. Qxd4 Nf4 24. Bf1 Ne6 25. Qe3 Kg7 26. g3 d5 27. e5 dxc4 28. bxc4 Rc5 29. f4 Rh8 30. Nd4 Qc8 31. Nxe6+ Qxe6 32. Rd2 Rh1+ 33. Kf2 Rh2+ 1/2-1/2

[Event "Scarborough CC Spring Into Summer U2000"]
[Site "Toronto CAN"]
[Date "2011.05.12"]
[Round "2"]
[White "Sharpe, Michael"]
[Black "Huston, Scott"]
[Result "0-1"]
[WhiteElo "1662"]
[BlackElo "1811"]
[PlyCount "64"]
[GameId "2160767909770493"]
[EventDate "2011.04.28"]
[EventType "swiss"]
[EventRounds "9"]
[EventCountry "CAN"]
[SourceTitle "EXT 2022"]
[Source "ChessBase"]
[SourceDate "2021.10.06"]
[SourceVersion "1"]
[SourceVersionDate "2021.10.06"]
[SourceQuality "1"]

1. e4 c5 2. Nf3 d6 3. d4 cxd4 4. Nxd4 Nf6 5. Nc3 a6 6. Be2 e5 7. Nb3 Be7 8. a4 O-O 9. O-O Be6 10. Be3 Nbd7 11. f3 Nb6 12. a5 Nc4 13. Bc1 b6 14. Nd5 Bxd5 15. exd5 b5 16. f4 Qc7 17. Rf3 Ng4 18. Rh3 Qa7+ 19. Nd4 Nf6 20. Bxc4 bxc4 21. Be3 exd4 22. Bxd4 Qb7 23. Bxf6 Bxf6 24. Qh5 h6 25. g4 Qxb2 26. Rd1 Bd4+ 27. Kh1 Qxc2 28. Rxd4 Qc1+ 29. Kg2 Qb2+ 30. Kf1 Qxd4 31. g5 Qxf4+ 32. Rf3 Qxg5 0-1

[Event "Scarborough CC Spring Into Summer U2000"]
[Site "Toronto CAN"]
[Date "2011.05.12"]
[Round "2"]
[White "Song, Lin"]
[Black "Ward, Dean"]
[Result "0-1"]
[WhiteElo "1839"]
[BlackElo "1790"]
[PlyCount "90"]
[GameId "2160767909770494"]
[EventDate "2011.04.28"]
[EventType "swiss"]
[EventRounds "9"]
[EventCountry "CAN"]
[SourceTitle "EXT 2022"]
[Source "ChessBase"]
[SourceDate "2021.10.06"]
[SourceVersion "1"]
[SourceVersionDate "2021.10.06"]
[SourceQuality "1"]

1. e4 c5 2. Nf3 d6 3. d4 cxd4 4. Nxd4 Nf6 5. Nc3 g6 6. Be3 Bg7 7. Qd2 Ng4 8. Nd5 Nxe3 9. Nxe3 O-O 10. c3 a6 11. Bc4 Nc6 12. O-O Bd7 13. Kh1 Rc8 14. Bb3 Na5 15. Bc2 Bh6 16. f4 e5 17. Ne2 exf4 18. Nxf4 Bb5 19. Rf2 Nc4 20. Nxc4 Bxc4 21. b3 Bb5 22. c4 Bc6 23. Rd1 Qh4 24. g3 Qg5 25. Qe1 Qe5 26. Nd5 Bg7 27. Qd2 Kh8 28. Rdf1 Bxd5 29. exd5 f5 30. Re2 Qc3 31. Qe1 Be5 32. Bb1 Qd4 33. Rd2 Qg4 34. Rdf2 Rce8 35. Qd2 Qh3 36. Qg5 Bd4 37. Qf4 Bxf2 38. Qxf2 Re5 39. Bd3 Rfe8 40. Kg1 Re3 41. Rd1 Qg4 42. Rd2 Qd4 43. Bf1 Qe4 44. c5 Rf3 45. Qg2 Qe3+ 0-1

[Event "Scarborough CC Spring Into Summer U2000"]
[Site "Toronto CAN"]
[Date "2011.05.12"]
[Round "2"]
[White "Verde, Pino"]
[Black "Rutherdale, William"]
[Result "1-0"]
[WhiteElo "1660"]
[BlackElo "1697"]
[PlyCount "35"]
[GameId "2160767909770495"]
[EventDate "2011.04.28"]
[EventType "swiss"]
[EventRounds "9"]
[EventCountry "CAN"]
[SourceTitle "EXT 2022"]
[Source "ChessBase"]
[SourceDate "2021.10.06"]
[SourceVersion "1"]
[SourceVersionDate "2021.10.06"]
[SourceQuality "1"]

1. e4 e5 2. Nf3 Nc6 3. Bc4 Bc5 4. c3 d6 5. d4 exd4 6. O-O Qe7 7. cxd4 Bb6 8. Nc3 Bg4 9. Nd5 Qd7 10. Qd3 O-O-O 11. Ng5 Bh5 12. Be3 f6 13. Ne6 Re8 14. Nxb6+ axb6 15. d5 Na5 16. Bb5 c6 17. Rfc1 Kb8 18. Bxb6 1-0

[Event "Scarborough CC Spring Into Summer U2000"]
[Site "Toronto CAN"]
[Date "2011.05.12"]
[Round "2"]
[White "Xie, Peter"]
[Black "Bellomo, Joe"]
[Result "1/2-1/2"]
[WhiteElo "1693"]
[BlackElo "1674"]
[PlyCount "67"]
[GameId "2160767909770496"]
[EventDate "2011.04.28"]
[EventType "swiss"]
[EventRounds "9"]
[EventCountry "CAN"]
[SourceTitle "EXT 2022"]
[Source "ChessBase"]
[SourceDate "2021.10.06"]
[SourceVersion "1"]
[SourceVersionDate "2021.10.06"]
[SourceQuality "1"]

1. e4 c5 2. Nc3 Nc6 3. g3 Nf6 4. Bg2 e6 5. Nf3 d6 6. O-O Be7 7. d3 O-O 8. Ng5 a6 9. f4 h6 10. Nf3 Qc7 11. Qe1 Rb8 12. a3 b5 13. h3 Nd4 14. Qf2 Nxf3+ 15. Bxf3 Bd7 16. g4 Nh7 17. h4 b4 18. Ne2 e5 19. f5 f6 20. Ng3 Bb5 21. a4 Be8 22. b3 Qd8 23. Be3 Qd7 24. Kh2 d5 25. Bd2 Qc7 26. Nh5 Bxh5 27. gxh5 Rf7 28. Rg1 Kf8 29. Rg6 Ke8 30. Be2 a5 31. Qe1 Nf8 32. Qf1 Nxg6 33. hxg6 Rf8 34. h5 1/2-1/2

[Event "Scarborough CC Spring Into Summer U2000"]
[Site "Toronto CAN"]
[Date "2011.05.12"]
[Round "2"]
[White "Zotkin, Daniel"]
[Black "Morra, Lui"]
[Result "1-0"]
[WhiteElo "1626"]
[BlackElo "1797"]
[PlyCount "95"]
[GameId "2160767909770497"]
[EventDate "2011.04.28"]
[EventType "swiss"]
[EventRounds "9"]
[EventCountry "CAN"]
[SourceTitle "EXT 2022"]
[Source "ChessBase"]
[SourceDate "2021.10.06"]
[SourceVersion "1"]
[SourceVersionDate "2021.10.06"]
[SourceQuality "1"]

1. d4 Nf6 2. Nf3 d6 3. Bg5 e6 4. c4 Be7 5. Nbd2 d5 6. e3 Nbd7 7. Bd3 O-O 8. O-O b6 9. Qc2 Bb7 10. Bxf6 Bxf6 11. Bxh7+ Kh8 12. Bd3 dxc4 13. Bxc4 g6 14. Rac1 Kg7 15. Bd3 Rc8 16. Qa4 a6 17. Be4 Bxe4 18. Nxe4 a5 19. Nxf6 Nxf6 20. Ne5 Ne4 21. Rc6 Qh4 22. Nf3 Qh5 23. Qc2 f5 24. Rxc7+ Rxc7 25. Qxc7+ Rf7 26. Qxb6 Kf6 27. Qxa5 Kg7 28. Qe5+ Rf6 29. h3 g5 30. Nh2 Qh4 31. Ng4 fxg4 32. Qxe4 Qh6 33. Qxg4 Qg6 34. f4 Qd3 35. Qxg5+ Rg6 36. Qe5+ Kf7 37. f5 Rg5 38. Qxe6+ Kg7 39. Qe7+ Kh6 40. Qf6+ Kh5 41. g4+ Kh4 42. Qh6+ Rh5 43. Qxh5+ Kg3 44. Qg5 Qe2 45. Qf4+ Kh4 46. g5+ Kxh3 47. Rf3+ Qxf3 48. Qxf3+ 1-0

[Event "Scarborough CC Spring Into Summer U2000"]
[Site "Toronto CAN"]
[Date "2011.05.19"]
[Round "3"]
[White "Armstrong, Robert J"]
[Black "Song, Lin"]
[Result "0-1"]
[WhiteElo "1740"]
[BlackElo "1839"]
[PlyCount "56"]
[GameId "2160767909770498"]
[EventDate "2011.04.28"]
[EventType "swiss"]
[EventRounds "9"]
[EventCountry "CAN"]
[SourceTitle "EXT 2022"]
[Source "ChessBase"]
[SourceDate "2021.10.06"]
[SourceVersion "1"]
[SourceVersionDate "2021.10.06"]
[SourceQuality "1"]

1. d4 Nf6 2. c4 g6 3. Nc3 Bg7 4. e4 d6 5. f3 O-O 6. Be3 e5 7. d5 Ne8 8. h4 f5 9. exf5 gxf5 10. Bg5 Nf6 11. Qd2 Qe8 12. O-O-O Nh5 13. Bh6 Ng3 14. Rh2 Bxh6 15. Qxh6 f4 16. Bd3 Bf5 17. Ne4 Bxe4 18. Bxe4 Nxe4 19. fxe4 Nd7 20. h5 Nc5 21. Qg5+ Kh8 22. h6 Qd7 23. Nf3 Nxe4 24. Qh4 Qa4 25. Nd2 Nxd2 26. Qe7 Qxc4+ 27. Kxd2 Qxd5+ 28. Ke1 Qf7 0-1

[Event "Scarborough CC Spring Into Summer U2000"]
[Site "Toronto CAN"]
[Date "2011.05.19"]
[Round "3"]
[White "Bellomo, Joe"]
[Black "Gillis, Doug"]
[Result "1-0"]
[WhiteElo "1674"]
[BlackElo "1668"]
[PlyCount "79"]
[GameId "2160767909770499"]
[EventDate "2011.04.28"]
[EventType "swiss"]
[EventRounds "9"]
[EventCountry "CAN"]
[SourceTitle "EXT 2022"]
[Source "ChessBase"]
[SourceDate "2021.10.06"]
[SourceVersion "1"]
[SourceVersionDate "2021.10.06"]
[SourceQuality "1"]

1. c4 Nf6 2. Nf3 e6 3. Nc3 d5 4. e3 c5 5. cxd5 exd5 6. d4 Nc6 7. Be2 Be7 8. dxc5 Bxc5 9. O-O O-O 10. b3 a6 11. Bb2 Qd6 12. Na4 Nd7 13. Nxc5 Nxc5 14. Ba3 Rd8 15. Rc1 b6 16. Qc2 Qg6 17. Qxg6 hxg6 18. Bxc5 bxc5 19. Rxc5 Bb7 20. Rd1 Rac8 21. h3 Ne7 22. Rxc8 Rxc8 23. Nd4 Nc6 24. Nxc6 Rxc6 25. Rxd5 Rc2 26. Rd8+ Kh7 27. Bc4 Rc1+ 28. Kh2 Rc2 29. Kg3 Rxa2 30. Bxf7 Ra5 31. h4 Be4 32. Bg8+ Kh6 33. Bc4 Kh7 34. f3 Bc2 35. Rd6 Re5 36. e4 a5 37. Rd5 Rxd5 38. exd5 a4 39. bxa4 Bxa4 40. Kf4 1-0